000 00214nam a22000857a 4500
008 161207b xxu||||| |||| 00| 0 eng d
100 _91903
_aRhymes.L
245 _aMousie Goes for Water
260 _aMoscow
_bProgress
_c1986
999 _c4668
_d4668